Návrh uznesenia NR SR k etike žurnalistiky

Z obsahu: Návrh uznesenia NR SR k etike žurnalistiky. Rezolúcia 1003(1993) o etike žurnalistiky - Rada Európy (parlamentné zhromaždenie).

Enregistré dans:
Détails bibliographiques
Format: Chapitre de livre
Langue:slovaque
Sujets:
Tags: Ajouter un tag
Pas de tags, Soyez le premier à ajouter un tag!

MARC

LEADER 00000naa a2200000 4500
001 r018833
005 20221213100942.5
041 0 |a slo 
044 |a SK 
245 1 0 |a Návrh uznesenia NR SR k etike žurnalistiky 
520 |a Z obsahu: Návrh uznesenia NR SR k etike žurnalistiky. Rezolúcia 1003(1993) o etike žurnalistiky - Rada Európy (parlamentné zhromaždenie). 
610 2 0 |a etika 
610 2 0 |a žurnalistika 
610 2 0 |a Slovensko 
610 2 0 |a Európa